000 00307nam a22001217a 4500
008 180522b xxu||||| |||| 00| 0 eng d
041 _aeng
080 _a043.3
100 _a0
101 _aMBE-BTH
245 _aZhvillimi i produkteve të reja Rast studimi: Ndërmarrja bonus
_cMaloku, E
942 _2udc
_cBK
999 _c46170
_d46170